00407nam a2200145 a 450000500170000000800410001702000150005805000240007310000230009724500550012026000290017530000220020465000120022670000230023820140310183507.0100920s19uu xx 00 eng d a0451409043 aPN 2598b.D141 1999 aDalessandro, James aCitizen Jane.cJames Dalessandro and David Mehnert aNew York :bOnyx,c1999. a372 p. :c18 cm.  aFiction awith David Mehnert